Culture Générale - Série 805 - Statistiques

Statistiques générales
  • Ce quiz a été pris 141 fois
  • Le résultat moyen est 6 sur 10
Statistiques - réponses
Question Réponse % Correct
De quelle chaîne de montagnes le mont Blanc est-il le point culminant ? Alpes
94%
Quelle ville de Bretagne devient en 1631, sur l'initiative de Richelieu, un des ports militaires de la marine du Ponant ? Brest
75%
Quel grand poisson, à la mâchoire supérieure allongée, est aussi appelé poisson-épée ? espadon
68%
Selon l'expression, quel trait de caractère est associé au personnage d'Artaban ? fierté
68%
Quel instrument de musique a rendu célèbre André Verchuren ? accordéon
65%
A quel peintre français, ami de Van Gogh, doit-on le tableau "Femmes de Tahiti" ? Paul Gauguin
63%
D'après l'Évangile selon Matthieu, quel apôtre renia le Christ par trois fois avant le chant du coq ? Pierre
60%
Comment est la "noce" pour Vanessa Paradis et Bruno Cremer selon le titre d'un film de Jean-Claude Brisseau ? blanche
57%
En 1894, quel homme d'État français est assassiné par l'anarchiste Caserio ? Sadi Carnot
33%
Dans le dessin animé "Pinocchio" de Walt Disney, quel est le nom du petit chat de Geppetto ? Figaro
24%
Aucun quiz correspondant
Distribution des résultats
% des personnes avec chaque résultat
Percentile par nombre de réponses
Votre historique - résultats
Vous n’avez pas pris ce quiz